000 00604nam a2200217 i 4500
001 bg
245 0 0 _aSelected problems of mathematics /
_cCracow University of Technology. Institute of Mathematics.
260 _aCracow :
_bPK,
_c1995.
300 _a311 s. ;
_c24 cm.
500 _aAnniversary issue vol. no. 6.
504 _aBibliogr. przy art.
600 1 9 _aKrzyżański Mirosław
650 9 _aRównania różniczkowe
020 _a8390387883
040 _cBPK
041 0 _aenpl
080 _a517.9
920 _a83-903878-8-3
942 _cKS
008 s pl f |000 0 pol
999 _c30710
_d30710
856 _uhttp://koha.tu.koszalin.pl/cgi-bin/koha/opac-detail.pl?biblionumber=30710
_yKatalog online BPK